[Event "Le Touquet op 26th"]
[Site "Le Touquet"]
[Date "2011.10.24"]
[Round "3"]
[White "Feryn, Benjamin"]
[Black "Gosset, Arnaud"]
[Result "1/2-1/2"]
[WhiteElo "2036"]
[BlackElo "2220"]
[PlyCount "49"]
[EventDate "2011.10.22"]
[EventType "swiss"]
[EventRounds "9"]
[EventCountry "FRA"]
[SourceTitle "EXT 2012"]
[Source "ChessBase"]
[SourceDate "2011.11.24"]
[SourceVersion "1"]
[SourceVersionDate "2011.11.24"]
[SourceQuality "1"]

1. e4 c6 2. d4 d5 3. Nc3 dxe4 4. Nxe4 Nd7 5. Ng5 Ngf6 6. Bd3 e6 7. Qe2 Bd6 8. N1f3 h6 9. Ne4 Nxe4 10. Qxe4 Qc7 11. Qg4 g5 12. Qh3 Rg8 13. Nd2 c5 14. Ne4 cxd4 15. Qxh6 Bf4 16. Bxf4 Qxf4 17. 0-0 Qh4 18. Qxh4 gxh4 19. f4 Ke7 20. Rad1 Nb6 21. Nd2 Nd5 22. Rf2 Rg4 23. h3 Rxf4 24. Rxf4 Nxf4 25. Nf3 1/2-1/2

[Event "Paris-ch op-A 86th"]
[Site "Paris"]
[Date "2011.07.06"]
[Round "5"]
[White "Gosset, Arnaud"]
[Black "Shirazi, Kamran"]
[Result "1-0"]
[WhiteElo "2213"]
[BlackElo "2352"]
[PlyCount "117"]
[EventDate "2011.07.02"]
[EventType "swiss"]
[EventRounds "9"]
[EventCountry "FRA"]
[SourceTitle "CBM 143 Extra"]
[Source "ChessBase"]
[SourceDate "2011.08.29"]
[SourceVersion "1"]
[SourceVersionDate "2011.08.29"]
[SourceQuality "1"]

1. d4 Nf6 2. c4 e6 3. Nf3 d5 4. Nc3 Be7 5. Bg5 h6 6. Bh4 0-0 7. e3 b6 8. Bd3 Bb7 9. 0-0 Ne4 10. Bxe7 Qxe7 11. Rc1 Nd7 12. cxd5 exd5 13. Qa4 c5 14. Ba6 Ndf6 15. Bxb7 Qxb7 16. dxc5 bxc5 17. Qc2 Rac8 18. Rfd1 Rfe8 19. Qb3 Qc6 20. Nxe4 Nxe4 21. Qc2 Qe6 22. Qd3 d4 23. exd4 Qxa2 24. Nd2 Qd5 25. Nxe4 Rxe4 26. Qa6 Rc6 27. Qxa7 c4 28. Rc3 h5 29. Rf3 h4 30. Qa8+ Kh7 31. h3 Ree6 32. Qf8 Rg6 33. Qxf7 Qg5 34. g4 hxg3 35. Rxg3 Qh5 36. Rf1 Rcf6 37. Qxc4 Qxh3 38. Qd3 Rf5 39. Re1 Rxg3+ 40. Qxg3 Qh6 41. Re5 Qc1+ 42. Kg2 Rxe5 43. Qxe5 Qxb2 44. Qf5+ Kg8 45. d5 Qb6 46. Kf3 Qd4 47. Qe4 Qd1+ 48. Kg2 Qh5 49. Qe6+ Kf8 50. f4 Qd1 51. Qe5 Qd2+ 52. Kf3 Qd3+ 53. Kg4 Qd1+ 54. Kg5 Qg1+ 55. Kf5 Qb6 56. d6 Qb1+ 57. Qe4 Qb5+ 58. Kg6 Qd7 59. Qa8+ 1-0

[Event "FRA-chT Top 12"]
[Site "Mulhouse"]
[Date "2011.05.28"]
[Round "3.7"]
[White "Lagarde, Maxime"]
[Black "Gosset, Arnaud"]
[Result "1/2-1/2"]
[WhiteElo "2430"]
[BlackElo "2199"]
[PlyCount "103"]
[EventDate "2011.05.26"]
[EventType "team-tourn"]
[EventRounds "11"]
[EventCountry "FRA"]
[SourceTitle "CBM 142 Extra"]
[Source "ChessBase"]
[SourceDate "2011.06.27"]
[SourceVersion "1"]
[SourceVersionDate "2011.06.27"]
[SourceQuality "1"]
[WhiteTeam "Clichy Echecs 92"]
[BlackTeam "Noyon"]
[WhiteTeamCountry "FRA"]
[BlackTeamCountry "FRA"]

1. e4 c5 2. Nf3 e6 3. d4 cxd4 4. Nxd4 Nc6 5. Nc3 Qc7 6. g3 a6 7. Bg2 d6 8. 0-0 Bd7 9. Re1 Be7 10. Nxc6 Bxc6 11. Qg4 h5 12. Qe2 h4 13. Bf4 e5 14. Be3 hxg3 15. hxg3 Nf6 16. a4 Kf8 17. Nd5 Bxd5 18. exd5 Rc8 19. c4 a5 20. b4 axb4 21. a5 g6 22. a6 bxa6 23. c5 dxc5 24. Rxa6 Kg7 25. Qc4 Bd6 26. Rea1 Rb8 27. Rc6 Qe7 28. Bxc5 Bxc5 29. Rxc5 b3 30. Rb1 Rhd8 31. Qc3 Qa7 32. Ra1 Qb6 33. Rb1 Qb4 34. Rc4 Qxc3 35. Rxc3 Rdc8 36. Rxc8 Rxc8 37. Rxb3 Rc1+ 38. Bf1 Rd1 39. Rd3 Rxd3 40. Bxd3 Nxd5 41. Bb5 f5 42. Bc6 Ne7 43. Bb5 e4 44. Kf1 Kf6 45. Ke2 Ke5 46. Be8 g5 47. Bd7 f4 48. gxf4+ gxf4 49. Bb5 f3+ 50. Ke1 Nd5 51. Bc6 Nf4 52. Bb7 1/2-1/2

[Event "Le Touquet op-A"]
[Site "Le Touquet"]
[Date "2008.10.26"]
[Round "2"]
[White "Housieaux, David"]
[Black "Gosset, Arnaud"]
[Result "1-0"]
[WhiteElo "2425"]
[BlackElo "2182"]
[PlyCount "67"]
[EventDate "2008.10.25"]
[EventType "swiss"]
[EventRounds "9"]
[EventCountry "FRA"]
[SourceTitle "EXT 2009"]
[Source "ChessBase"]
[SourceDate "2008.11.26"]
[SourceVersion "1"]
[SourceVersionDate "2008.11.26"]
[SourceQuality "1"]

1. e4 c6 2. c4 e5 3. Nf3 d6 4. d4 Nd7 5. Nc3 Ngf6 6. Be2 Be7 7. 0-0 0-0 8. Qc2 Re8 9. Rd1 Qc7 10. Rb1 a5 11. b3 Nf8 12. Bb2 Ng6 13. g3 h5 14. d5 c5 15. h4 Ng4 16. Bc1 Nf8 17. Ne1 Qd7 18. Bd3 g6 19. f3 Nf6 20. Ng2 N6h7 21. Ne3 Bf6 22. Qg2 Bg7 23. g4 hxg4 24. fxg4 Qe7 25. Qg3 Nf6 26. Rf1 Bh6 27. g5 Nh5 28. Qf3 Bg7 29. Ng2 Nh7 30. Bd2 Rf8 31. Be2 Bd7 32. Qe3 f6 33. Bxh5 gxh5 34. g6 1-0

[Event "Cappelle op 24th"]
[Site "Cappelle la Grande"]
[Date "2008.02.20"]
[Round "6"]
[White "Sergeev, Vladimir"]
[Black "Gosset, Arnaud"]
[Result "1/2-1/2"]
[WhiteElo "2502"]
[BlackElo "2136"]
[PlyCount "80"]
[EventDate "2008.02.16"]
[EventType "swiss"]
[EventRounds "9"]
[EventCountry "FRA"]
[SourceTitle "CBM 122 Extra"]
[Source "ChessBase"]
[SourceDate "2008.03.04"]
[SourceVersion "1"]
[SourceVersionDate "2008.03.04"]
[SourceQuality "1"]

1. Nf3 Nf6 2. g3 d5 3. Bg2 Bf5 4. d3 e6 5. 0-0 Bc5 6. Nbd2 Nbd7 7. b3 Qe7 8. a3 Bg6 9. b4 Bb6 10. c4 c6 11. a4 e5 12. a5 Bc7 13. a6 b5 14. c5 0-0 15. Nh4 Bh5 16. Qe1 e4 17. dxe4 dxe4 18. Nb3 Be5 19. Nf5 Qe8 20. Ra3 Bg4 21. Nbd4 Bxd4 22. Nxd4 Ne5 23. h3 Be6 24. Bf4 Nc4 25. Ra1 Rd8 26. Nxe6 Qxe6 27. Qb1 Nd2 28. Bxd2 Rxd2 29. Rd1 Rfd8 30. Rxd2 Rxd2 31. Qe1 e3 32. Rd1 Qd7 33. Rxd2 Qxd2 34. Kf1 Nd5 35. Bxd5 Qxd5 36. fxe3 h5 37. Kf2 Qf5+ 38. Kg2 Qe4+ 39. Kf2 Qf5+ 40. Kg2 Qe4+ 1/2-1/2

[Event "La Fere op 3rd"]
[Site "La Fere"]
[Date "2004.07.09"]
[Round "9"]
[White "Gosset, Arnaud"]
[Black "Dumortier, Thierry"]
[Result "1-0"]
[WhiteElo "2146"]
[BlackElo "2019"]
[PlyCount "55"]
[EventDate "2004.07.03"]
[EventType "swiss"]
[EventRounds "9"]
[EventCountry "FRA"]
[SourceTitle "CBM 101 Extra"]
[Source "ChessBase"]
[SourceDate "2004.09.01"]
[SourceVersion "2"]
[SourceVersionDate "2004.09.01"]
[SourceQuality "1"]

1. Nf3 f5 2. d4 g6 3. c4 Bg7 4. Nc3 d6 5. g3 Nf6 6. Bg2 0-0 7. 0-0 Nc6 8. d5 Ne5 9. Nxe5 dxe5 10. Qb3 Kh8 11. Rd1 Nd7 12. Qa3 e4 13. c5 b6 14. cxb6 cxb6 15. Bg5 Bf6 16. Bxf6+ Rxf6 17. Rac1 Nc5 18. b4 Nb7 19. Nb5 a6 20. f3 exf3 21. Bxf3 Nd6 22. Nd4 Bd7 23. Qe3 Rc8 24. Nc6 Bxc6 25. dxc6 Qc7 26. Bd5 e6 27. Qd4 Qe7 28. Bb3 1-0

[Event "La Fere op 3rd"]
[Site "La Fere"]
[Date "2004.07.05"]
[Round "3"]
[White "Gosset, Arnaud"]
[Black "Malakhatko, Vadim"]
[Result "0-1"]
[WhiteElo "2146"]
[BlackElo "2555"]
[PlyCount "106"]
[EventDate "2004.07.03"]
[EventType "swiss"]
[EventRounds "9"]
[EventCountry "FRA"]
[SourceTitle "CBM 101 Extra"]
[Source "ChessBase"]
[SourceDate "2004.09.01"]
[SourceVersion "2"]
[SourceVersionDate "2004.09.01"]
[SourceQuality "1"]

1. Nf3 d5 2. d4 c6 3. c4 Nf6 4. Nc3 dxc4 5. a4 Bf5 6. Ne5 e6 7. f3 Bb4 8. e4 Bxe4 9. fxe4 Nxe4 10. Bd2 Qxd4 11. Nxe4 Qxe4+ 12. Qe2 Bxd2+ 13. Kxd2 Qd5+ 14. Kc3 Na6 15. Qe3 Qa5+ 16. Kc2 Nb4+ 17. Kc1 Nd5 18. Qf2 Qc7 19. Nxc4 b5 20. Ne3 0-0 21. Nxd5 cxd5+ 22. Kb1 bxa4 23. Bd3 Rfc8 24. Ra3 Rab8 25. Rf1 Rb4 26. Qe3 Rcb8 27. Rf2 Qxh2 28. Rc2 g6 29. Qxa7 Qe5 30. Qf2 Rb3 31. Ka2 R8b4 32. Qe2 Qd4 33. Rd2 Qf6 34. Rxa4 Rxb2+ 35. Rxb2 Rxa4+ 36. Kb1 Kg7 37. Bb5 Re4 38. Qf2 Qxf2 39. Rxf2 Rb4+ 40. Rb2 Rxb2+ 41. Kxb2 Kf6 42. Kc3 Ke5 43. Be8 f5 44. Bf7 Kf6 45. Be8 e5 46. Bc6 d4+ 47. Kc4 h5 48. g3 g5 49. Bg2 g4 50. Bf1 Kg5 51. Kd5 f4 52. Kxe5 fxg3 53. Kxd4 Kf4 0-1

[Event "Paris-ch op"]
[Site "Paris"]
[Date "2002.07.06"]
[Round "1"]
[White "Vachier Lagrave, Maxime"]
[Black "Gosset, Arnaud"]
[Result "1/2-1/2"]
[WhiteElo "2358"]
[BlackElo "2121"]
[PlyCount "83"]
[EventDate "2002.07.06"]
[EventType "swiss"]
[EventRounds "9"]
[EventCountry "FRA"]
[SourceTitle "CBM 089 Extra"]
[Source "ChessBase"]
[SourceDate "2002.09.10"]
[SourceVersion "2"]
[SourceVersionDate "2002.09.10"]
[SourceQuality "1"]

1. e4 c6 2. d4 d5 3. exd5 cxd5 4. c4 Nf6 5. Nf3 e6 6. Nc3 Be7 7. c5 0-0 8. Bf4 b6 9. b4 a5 10. Na4 Nfd7 11. Bb5 bxc5 12. bxc5 Ba6 13. Bxa6 Rxa6 14. Qe2 f6 15. 0-0 e5 16. dxe5 fxe5 17. Bxe5 Re6 18. Rad1 Nxe5 19. Nxe5 Qe8 20. Nb2 Bf6 21. f4 Bxe5 22. fxe5 Rxf1+ 23. Qxf1 Rxe5 24. Nd3 Re2 25. Qf5 d4 26. Qd5+ Qf7 27. Qxd4 Nc6 28. Qg4 Qe8 29. Kh1 Re4 30. Qg3 Re3 31. Qf2 Re2 32. Qf3 Nb4 33. h3 Re3 34. Qf4 Nxd3 35. Rxd3 Rxd3 36. Qc4+ Kf8 37. Qxd3 Qe1+ 38. Kh2 Qe5+ 39. Qg3 Qxc5 40. Qf3+ Kg8 41. Qe2 Kf7 42. Qf3+ 1/2-1/2

[Event "FRA-chT2"]
[Site "France"]
[Date "2002.03.24"]
[Round "11.8"]
[White "Husson, Cybele"]
[Black "Gosset, Arnaud"]
[Result "1/2-1/2"]
[WhiteElo "2036"]
[BlackElo "2079"]
[PlyCount "124"]
[EventDate "2002.??.??"]
[EventType "team"]
[EventRounds "11"]
[EventCountry "FRA"]
[SourceTitle "EXT 2003"]
[Source "ChessBase"]
[SourceDate "2002.11.25"]
[SourceVersion "1"]
[SourceVersionDate "2002.11.25"]
[SourceQuality "1"]

1. e4 c6 2. Nc3 d5 3. d3 dxe4 4. Nxe4 g6 5. g3 Bg7 6. Bg2 Nf6 7. Ne2 Nxe4 8. Bxe4 Bg4 9. 0-0 Nd7 10. Be3 0-0 11. Bg2 Nf6 12. h3 Be6 13. Qc1 Bd5 14. Bh6 Bxg2 15. Kxg2 Qd5+ 16. Kh2 Qf3 17. Bxg7 Kxg7 18. Nc3 h5 19. Qe3 Qxe3 20. fxe3 Nd5 21. Nxd5 cxd5 22. Rf2 Rac8 23. a4 Rc6 24. Ra3 Rfc8 25. c3 Re6 26. Rb3 Rc7 27. Rf3 Rf6 28. Kg2 Rxf3 29. Kxf3 Kf6 30. e4 dxe4+ 31. Kxe4 Ke6 32. Rb5 Kd6 33. d4 Rc4 34. a5 Ra4 35. g4 hxg4 36. hxg4 Kc6 37. Re5 Kd6 38. Rd5+ Kc6 39. b4 Ra1 40. c4 b6 41. b5+ Kc7 42. a6 e6 43. Re5 f5+ 44. gxf5 gxf5+ 45. Kf3 Kd6 46. c5+ bxc5 47. Rxc5 Ra3+ 48. Ke2 Rb3 49. Kd2 f4 50. Rh5 f3 51. Rh7 Kd5 52. Rxa7 Rxb5 53. Rd7+ Ke4 54. a7 Rb2+ 55. Kc3 Ra2 56. Rf7 Ke3 57. Re7 f2 58. Rxe6+ Kf3 59. Rf6+ Ke2 60. Re6+ Kd1 61. Rf6 Ke1 62. Re6+ Kd1 1/2-1/2

[Event "FRA-chT2"]
[Site "France"]
[Date "2002.03.23"]
[Round "10"]
[White "Gosset, Arnaud"]
[Black "Ben Khelifa, Noomene"]
[Result "1/2-1/2"]
[WhiteElo "2079"]
[BlackElo "2120"]
[PlyCount "37"]
[EventDate "2002.??.??"]
[EventType "team"]
[EventRounds "11"]
[EventCountry "FRA"]
[SourceTitle "EXT 2003"]
[Source "ChessBase"]
[SourceDate "2002.11.25"]
[SourceVersion "1"]
[SourceVersionDate "2002.11.25"]
[SourceQuality "1"]

1. Nf3 c5 2. c4 d6 3. Nc3 Nf6 4. g3 b6 5. Bg2 Bb7 6. 0-0 e6 7. d4 cxd4 8. Qxd4 e5 9. Qd1 Nbd7 10. Qa4 Be7 11. Rd1 Qb8 12. Bh3 Qc7 13. Nd5 Nxd5 14. cxd5 Bc8 15. Bg5 Bxg5 16. Nxg5 0-0 17. Qc6 Qxc6 18. dxc6 Nc5 19. Bg2 1/2-1/2

[Event "FRA-chT2"]
[Site "France"]
[Date "2002.01.19"]
[Round "5.7"]
[White "Gosset, Arnaud"]
[Black "Francois, Gilles"]
[Result "1-0"]
[WhiteElo "2079"]
[BlackElo "2127"]
[PlyCount "81"]
[EventDate "2002.??.??"]
[EventType "team"]
[EventRounds "11"]
[EventCountry "FRA"]
[SourceTitle "EXT 2003"]
[Source "ChessBase"]
[SourceDate "2002.11.25"]
[SourceVersion "1"]
[SourceVersionDate "2002.11.25"]
[SourceQuality "1"]

1. Nf3 Nf6 2. c4 g6 3. Nc3 Bg7 4. e4 d6 5. d4 0-0 6. Be2 e5 7. 0-0 Nc6 8. d5 Ne7 9. Ne1 Nd7 10. Be3 f5 11. f3 Nf6 12. c5 f4 13. Bf2 g5 14. a4 a5 15. Rc1 Ng6 16. Nb5 Ne8 17. cxd6 cxd6 18. Na7 Bd7 19. Qb3 Rf7 20. Bb6 Bxa4 21. Bxd8 Bxb3 22. Rc8 Rxc8 23. Nxc8 a4 24. Nd3 Bc4 25. Nb6 Bxd3 26. Bxd3 Bf6 27. Bxf6 Nxf6 28. Rc1 h5 29. Bb5 g4 30. Nc8 gxf3 31. gxf3 Nh4 32. Kf2 Rg7 33. Bf1 Ne8 34. Nb6 Rc7 35. Rxc7 Nxc7 36. Nc8 Kf8 37. Nxd6 Ke7 38. Nxb7 Ne8 39. Nc5 Nd6 40. Nxa4 Kd7 41. Nc5+ 1-0

[Event "FRA-chT2"]
[Site "France"]
[Date "2001.11.17"]
[Round "2"]
[White "Gosset, Arnaud"]
[Black "Manet, Eric"]
[Result "1-0"]
[WhiteElo "2075"]
[BlackElo "2020"]
[PlyCount "47"]
[EventDate "2002.??.??"]
[EventType "team"]
[EventRounds "11"]
[EventCountry "FRA"]
[SourceTitle "EXT 2003"]
[Source "ChessBase"]
[SourceDate "2002.11.25"]
[SourceVersion "1"]
[SourceVersionDate "2002.11.25"]
[SourceQuality "1"]

1. Nf3 Nf6 2. c4 g6 3. Nc3 Bg7 4. e4 d6 5. d4 0-0 6. Be2 e5 7. 0-0 Nc6 8. d5 Ne7 9. Ne1 Nd7 10. Be3 f5 11. f3 f4 12. Bf2 Nf6 13. c5 g5 14. a4 h5 15. a5 g4 16. cxd6 cxd6 17. Nb5 a6 18. Bb6 Qd7 19. Nc7 h4 20. Nxa8 h3 21. fxg4 Nxe4 22. gxh3 Kf7 23. Nc7 Rh8 24. Qa4 1-0